Najpopularniejsze hasła - Statystyki

Ogólne statystyki
  • Ten quiz został rozwiązany 17 razy
  • Średni wynik to 8 z 25
Statystyki odpowiedzi
Typ Ilośc Hasło % Poprawnych
numeryczne 396K 12345
100%
numeryczne 3.0M 123456
82%
numeryczne 308K 1234567
82%
numeryczne 885K 12345678
82%
numeryczne 1.6M 123456789
76%
numeryczne 324K 1234567890
59%
numeryczne 250K 000000
47%
numeryczne 460K 111111
47%
słowne 692K password
35%
słowne 96K Password
35%
słowne-numeryczne 212K password1
35%
literowe 245K qwerty
29%
numeryczne 99K 00000000
24%
numeryczne 195K 11111111
24%
literowe-numeryczne 584K qwerty1
18%
literowe-numeryczne 643K qwerty123
18%
literowe 101K qwertyuiop
18%
numeryczne 352K 123123
6%
literowe-numeryczne 217K abc123
6%
numeryczne 119K 123123123
0%
numeryczne 106K 123321
0%
słowne 145K dragon
0%
wyrażeniowe 198K iloveyou
0%
słowne 139K monkey
0%
słowne 395K secret
0%
Nie znaleziono quizów pasujących do podanych kryteriów
Rozkład punktacji
Procent ludzi z każdym wynikiem
Percentyl według liczby udzielonych odpowiedzi
Twoja historia wyników
Nie rozwiązałeś tego quizu